mysqli: Table './ulib62015/stat_globaluid' is marked as crashed and should be repaired
select id from stat_globaluid where statuid='20260517083320_4313'
mysqli: Table './ulib62015/stat_globaluid' is marked as crashed and should be repaired
DELETE FROM stat_globaluid
WHERE id NOT IN (
SELECT id
FROM (
SELECT id
FROM stat_globaluid
ORDER BY id DESC
LIMIT 100
) foo
);
mysqli: Table './ulib62015/stat_globaluid' is marked as crashed and should be repaired
insert into stat_globaluid set
statuid='20260517083320_4313',
dt='1778981600',
phpself='/ULIB62015/dublinfull.php',
agent='Mozilla/5.0 AppleWebKit/537.36 (KHTML, like Gecko; compatible; ClaudeBot/1.0; +claudebot@anthropic.com)',
yea='2026',
mon='5',
dat='17',
ip='216.73.216.45'
mysqli: Table './ulib62015/stathist_viewbib_bib_type' is marked as crashed and should be repaired
insert into stathist_viewbib_bib_type set
dat='17' ,
mon='05' ,
yea='2026' ,
statuid='20260517083320_4313' ,
head='13399121383' ,
foot='marc' ,
dt='1778981600'
| LEADER : 00000nam 2200000uu 4500 |
| 001 13399121383 |
| 003 ULIB |
| 008 160216s||||||||th 000 0 tha d |
| 020 ^a9780470646083 (v.1)
|
| 020 ^a9780470924297 (v.2)
|
| 020 9780470141137 (set.)
|
| 060 04 ^aQS4^bT712p v.1-2 2011
|
| 100 1 ^aTortora, Gerard J.
|
| 245 10 ^aPrinciples of anatomy & physiology /^cGerard J. Tortora, Bryan Derrickson
|
| 250 ^a13th ed.
|
| 260 ^aHoboken, N.J. :^bJohn Wiley,^cc2011.
|
| 300 ^a2 v. (various pagings) :^bill. (chiefly col.). ;^c29 cm. +^e1 booklet (vii, 71 p. : col. ill ; 28 cm.)
|
| 500 ^aIncludes index
|
| 500 ^aAccompanying booklet titled: a brief atlas of the skeleton,surface anatomy, and selected medical images. copyright c2006
|
| 505 0 ^av.1 Organization, support and movement, and control systems of the human body -- ^gv.2 Maintainance and continuity of the human body
|
| 650 2 ^aHuman physiology
|
| 650 0 ^aHuman anatomy
|
| 650 2 ^aAnatomy
|
| 650 2 ^aPhysiological Phenomena
|
| 700 1 ^aDerrickson, Bryan
|
| 740 02 ^aOrganization, support and movement, and control systems of the human body
|
| 740 02 ^aMaintainance and continuity of the human body
|
| 945 ^p3000^l0^i022916
|
| 945 ^p0^l0^i022917
|
| 945 ^p0^l0^i022918 |
| 999 ^a57066
|
| คุณยังไม่ได้ล็อกอิน คุณสามารถมีกิจกรรมร่วมกับเว็บไซต์ได้ แต่ต้องล็อกอินก่อน :: |
|
|
|
| ลำดับที่ |
ประเภท |
เลขเรียก/บาร์โค้ด |
สถานที่ |
สถานะ |
| 1. |
 หนังสือ | QS4 T712pa v.1-2 2011 Barcode: 022916 | หนังสือทั่วไป | บนชั้น ขอยืม |
| 2. |
 หนังสือ | QS4 T712p v.1 2011 Barcode: 022917 | หนังสือทั่วไป | ถูกยืม กำหนดส่งวันที่ 15 กรกฎาคม 2569
จอง |
| 3. |
 หนังสือ | QS4 T712p v.2 2011 Barcode: 022918 | หนังสือทั่วไป | บนชั้น ขอยืม |
รายการใกล้เคียง
ผู้แต่ง [Tortora, Gerard J.]
หัวเรื่อง [Human physiology] หัวเรื่อง [Human anatomy] หัวเรื่อง [Anatomy] หัวเรื่อง [Physiological Phenomena]
|
|
ยังไม่เคยถูกคอมเมนท์
|
| คอมเมนท์ทรัพยากรรายการนี้ |
|